000 00340 a2200157 4500
001 179323
020 _a
040 _cMagnum
100 _a-
240 1 0 _aComo surgiram os seres e as coisas
_lpor
245 1 0 _aComo surgiram os seres e as coisas
362 0 _a1899
440 1 _aÁtica
697 _aMAGNITO: IJ/CONTOS
942 _cBK
999 _c179323
_d179323